000 01007cam a2200313 a 4500
999 _c219467
_d219467
001 2626539
003 Nust
005 20170209195330.0
008 971030s1997 nyu 000 1 eng d
010 _a 98221671
020 _a9780671003340
_c$24.00
035 _a(OCoLC)37868465
040 _aIStc
_cIStc
_dCSbC
_dCoD
_dDLC
042 _alccopycat
043 _an-us-mt
050 0 0 _aPS3557.A8427
_bC65 1997
082 0 0 _a813.54
_bGAR
100 1 _aGarwood, Julie.
245 1 0 _aCome the spring /
_cJulie Garwood.
260 _aNew York :
_bPocket Books,
_c1997.
300 _a367 p. ;
_c25 cm.
651 0 _aMontana
_xFiction.
655 7 _aDomestic fiction.
_2lcsh
655 7 _aLove stories.
_2gsafd
906 _a7
_bcbc
_ccopycat
_d2
_encip
_f19
_gy-gencatlg
942 _2ddc
_cBK